000 00700nam a2200205 i 4500
001 108078
003 ES-MaACL
005 20250831013820.0
007 t|
008 070119q19601969xxu ||||1| spa d
080 _a33(73)(04)
100 1 _aKendrick, John W.
_967829
245 1 4 _aLos recursos del progreso económico en los Estados Unidos /
_cpor John W. Kendrick.
260 _a[¿Washington?] :
_bServicio de Informacion de los Estados Unidos,
_c[196?]
300 _a28 p. :
_bil. ;
_c18 cm.
651 4 _aEstados Unidos-
_xSituación económica
_98572
710 2 _aUnited States Information Service
_94026
852 _aES-MaACL
_j2041-F-14
_bR.60570
999 _c108078
_d108078